01478nam a2200385 a 450000100080000000500110000800800410001902000220006002400600008210000190014224500480016126000330020930000110024252004470025365000110070070000230071170000200073470000190075470000220077370000210079570000200081670000200083670000210085670000200087770000250089770000210092270000180094370000190096170000170098070000190099770000200101670000180103670000240105470000140107821688372024-11-05 2024 bl uuuu 00u1 u #d a978-65-5668-208-27 ahttp://dx.doi.org/10.26626/9786556682082.2024B00012DOI1 aAZEVEDO, R. A. aAlta CRIA 2023/2024.h[electronic resource] aUberaba: Alta Geneticsc2024 a169 p. aEste relatório fornece insights valiosos sobre o desempenho das fazendas participantes durante o período de avaliação, permitindo que qualquer produtor se posicione e identifique oportunidades de melhoria, servindo como um guia estratégico para todos os envolvidos no setor. Use essas informações para identificar áreas de melhoria, identificar necessidades de treinamento e desenvolver planos que apoiem seus objetivos de desempenho. aBovino1 aTEIXEIRA, A. de M.1 aSILVA, A. L. da1 aARANTES, A. N.1 aRESENDE, A. L. S.1 aBITTAR, C. M. M.1 aFERREIRA, G. C.1 aZAMBRANO, J. A.1 aSANTOS, J. E. P.1 aCOSTA, J. H. C.1 aANTUNES, L. C. M. S.1 aSALLES, M. S. V.1 aCAMPOS, M. M.1 aTIVERON, P. M.1 aROTTA, P. P.1 aMENESES, R. M.1 aSILVA, R. O. S.1 aCOELHO, S. G.1 aCHIOGNA JÚNIOR, V.1 aGOMES, V.